000 00847cab a2200241 4500
001 ABS48754
008 090401t1993 xxu||||| |||| 00| 0 eng d
035 _a(Sirsi) u68421
041 _aeng
245 _aTechno Ltd v Allied Dunbar Assurance plc
260 _c1993
350 _a0
490 _aEstates Gazette
_v(1993) 22 EG 109-111(3)
520 _aChD 11 March 1993. The arbitrator was found to be wrong in disregarding an assumption as basis of valuation agreed by the parties` surveyors. The award, concerning the rent review for a warehouse, was referred back to the arbitrator.
650 _aASSUMPTIONS
650 _aBASIS OF VALUATION
650 _aRENT REVIEWS
650 _aValuation
_96273
690 _aARBITRATION-CASE LAW
690 _aLANDLORD AND TENANT-CASE LAW-RENT REVIEWS
942 _n0
948 _c04/03/1997
999 _c42928
_d42928